Financovanie reformy tradičných škôl na moderné - hodnotenie verejnej podpory vzdelávania na Slovensku
Dopady podpory v NUTS2 regiónoch konvergencie na Slovensku, ktoré vstúpilo do Európskej únie v roku 2004. Hodnotenie dopadov pomoci stredným školám.
Salvato in:
| Autore principale: | |
|---|---|
| Altri autori: | |
| Natura: | Capitolo di libro |
| Lingua: | slovacco |
| Soggetti: | |
| Tags: |
Nessun Tag, puoi essere il primo ad aggiungerne!!
|
MARC
| LEADER | 00000naa a2200000 4500 | ||
|---|---|---|---|
| 001 | 0226306 | ||
| 005 | 20240502073723.2 | ||
| 041 | 0 | |a slo | |
| 044 | |a SK | ||
| 245 | 1 | 0 | |a Financovanie reformy tradičných škôl na moderné - hodnotenie verejnej podpory vzdelávania na Slovensku |c Valéria Némethová, Miroslav Šipikal |
| 520 | |a Dopady podpory v NUTS2 regiónoch konvergencie na Slovensku, ktoré vstúpilo do Európskej únie v roku 2004. Hodnotenie dopadov pomoci stredným školám. | ||
| 610 | 2 | 0 | |a politika vzdelávania |
| 610 | 2 | 0 | |a financovanie školstva |
| 610 | 2 | 0 | |a kvalita vzdelávania |
| 610 | 2 | 0 | |a Európska únia |
| 610 | 2 | 0 | |a podpora štátna |
| 610 | 2 | 0 | |a regióny |
| 610 | 2 | 0 | |a školy stredné |
| 100 | 1 | |a Némethová, Valéria, 1987- | |
| 700 | 1 | |a Šipikal, Miroslav, 1976- | |